Home Print Resources E-Books E-Journals IIMT Lecture Series Library Membership Form Book Recommendation Form Campus Tour Take AdmissionAbout Us Contact Us

INTERNATIONAL MARKETING (Record no. 1493)

000 -LEADER
fixed length control field 00346nam a2200157Ia 4500
003 - CONTROL NUMBER IDENTIFIER
control field OSt
005 - DATE AND TIME OF LATEST TRANSACTION
control field 20240312104837.0
008 - FIXED-LENGTH DATA ELEMENTS--GENERAL INFORMATION
fixed length control field 170523s9999 xx 000 0 und d
020 ## - INTERNATIONAL STANDARD BOOK NUMBER
International Standard Book Number 978-8120352384
040 ## - CATALOGING SOURCE
Transcribing agency iimtu meerut
100 ## - MAIN ENTRY--PERSONAL NAME
Personal name SRINIVASAN- R
245 #0 - TITLE STATEMENT
Title INTERNATIONAL MARKETING
260 ## - PUBLICATION, DISTRIBUTION, ETC.
Name of publisher, distributor, etc. PHI
260 ## - PUBLICATION, DISTRIBUTION, ETC.
Date of publication, distribution, etc. 2002
942 ## - ADDED ENTRY ELEMENTS (KOHA)
Source of classification or shelving scheme
Koha item type Book Bank
Holdings
Withdrawn status Lost status Source of classification or shelving scheme Damaged status Not for loan Home library Current library Date acquired Coded location qualifier Barcode Date last seen Uniform Resource Identifier Price effective from Koha item type Public note Total Checkouts Checked out Date last checked out
          IIMT University Central Library Meerut IIMT University Central Library Meerut 05/31/2017 Dept. MBA 01-B-7396 05/31/2017 management 05/31/2017 Book Bank management departmental library books update march 2019      
          IIMT University Central Library Meerut IIMT University Central Library Meerut 05/31/2017   01-B-7397 05/31/2017 management 05/31/2017 Book Bank        
          IIMT University Central Library Meerut IIMT University Central Library Meerut 05/31/2017   01-B-86644 05/31/2017 management 05/31/2017 Book Bank        
          IIMT University Central Library Meerut IIMT University Central Library Meerut 05/31/2017   01-B-86645 05/31/2017 management 05/31/2017 Book Bank        
          IIMT University Central Library Meerut IIMT University Central Library Meerut 05/31/2017   01-B-86646 05/31/2017 management 05/31/2017 Book Bank        
          IIMT University Central Library Meerut IIMT University Central Library Meerut 05/31/2017   01-B-86647 05/31/2017 management 05/31/2017 Book Bank        
          IIMT University Central Library Meerut IIMT University Central Library Meerut 05/31/2017   01-B-86648 09/15/2023 management 05/31/2017 Book Bank   1 01/01/2024 09/15/2023
IIMT, Central Library. All Rights Reserved IIMT,UNIVERSITY © 2023
Implemented and Customised by I CLOUDE EMS
You Are OPAC Visitor No
free web counter

Powered by Koha